| 000 | 00610nam a22001937a 4500 | ||
|---|---|---|---|
| 003 | 0 | ||
| 005 | 20241028085433.0 | ||
| 008 | 241028b xxu||||| |||| 00| 0 eng d | ||
| 020 | _a9781394207480 | ||
| 050 |
_aQA 268 _b.M36 2024 |
||
| 100 |
_aMammeri, Zoubir, _eauthor. |
||
| 245 |
_aCryptography : _balgorithms, protocols, and standards for computer security / _cZoubir Z Mammeri. |
||
| 260 |
_aHoboken, New Jersey : _bJohn Wiley & Sons, Inc., _c2024. |
||
| 300 |
_axxii, 592 p. : _bill. ; _c29 cm. |
||
| 504 | _aIncludes index. | ||
| 650 | _aCryptography. | ||
| 650 | _aComputer security. | ||
| 942 |
_2lcc _cBK |
||
| 999 |
_c366636 _d366636 |
||